000 01379nam a2200337 i 4500
003 EG-GICUC
005 20260121101355.0
008 251128s2001 ua ||||fr|||| 00| 0 ara d
017 _a2001/5298
020 _a9775861551
040 _a EG-GICUC
_bara
_c EG-GICUC
_d EG-GICUC
_erda
041 0 _aara
082 0 4 _221
_a343.431
_bإ م . ج
092 0 4 _221
099 _aLaw1 10 343.431 إ م . ج 1 ed - 2001
100 0 _aإمام حسانين خليل
_eمؤلف.
245 1 2 _aالجرائم الإرهابية في التشريعات المقارنة :
_bدراسة تحليلية للتشريعات الجنائية العربية والأجنبية والشريعة الإسلامية /
_cد. إمام حسانين خليل.
250 _aالطبعة الأولى
264 1 _aالقاهرة :
_bمركز الخليج للدراسات الأستراتيجية،
_c2001.
300 _a394 صفحة ؛
_c24 سم.
336 _2rda content
_atext
337 _2rda media
_aComputer
338 _2rda carrier
_aOnline Resource
504 _a. 376-394 ببليوجرافيا: صفحات
546 _aالنص باللغة العربية
650 1 4 _aالتشريع الخاص بالإرهاب
650 1 4 _aالقانون الجنائي
856 4 0 _uhttps://fll.law.cu.edu.eg/fulltext/bks/B10-06464.pdf
905 _a77
_eHassnaa
942 _2ddc
_cBK
_e21
_n0
999 _c46679
_d46679